000
00253nam a22000857a 4500
008
240921b |||||||| |||| 00| 0 eng d
020
_a
9789357287029
100
_a
Oswaal Books
245
_a
JEE Advanced Year Wise 2002-2023 Solved Question Papers (Mathematics)
999
_c
12687
_d
12687